000 00308nam a22001337a 4500
008 170131b xxu||||| |||| 00| 0 eng d
020 _a9780815101239
041 _aeng
080 _a61
100 _a3
101 _aSHMI
245 _aINTRODUCTION TO BASIC CARDIAC DYSRHYTHMIAS
_cATWOOD, S
942 _2udc
_cBK
999 _c4041
_d4041